000 00994nam a22002177a 4500
003 BD-DhUL
005 20170517175357.0
008 170517s1997 bg ||||| b||| 001 0 ben c
020 _a8124702764
040 _aBD-DhUL
_cBD-DhUL
082 _a954.025
_bMUB
100 1 _aমুখোপাধ্যায়, হীরেন্দ্রনাথ
245 1 0 _aভারতবর্ষের ইতিহাস (মুঘল ও ব্রিটিশ ভারত) /
_cহীরেন্দ্রনাথ মুখোপাধ্যায়
250 _a২য় সং.
260 _aকলিকাতা :
_bপশ্চিমবঙ্গ রাজ্য পুস্তক পর্ষৎ,
_c১৯৯৭
300 _aখ. :
_bচিত্র, মানচিত্র ;
_c২১ সেমি
504 _aগ্রন্থপঞ্জিগত তথ্য সংবলিত
650 0 _aভারত - ইতিহাস
650 0 _aIndia - history
942 _2ddc
_cBK
999 _c199002
_d199002